Welcome to WEB OPAC of MRSPTU Central Library

Hybrid Approach to Detect Software Clone (Record no. 10739)

MARC details
000 -LEADER
fixed length control field 00434nam a22001577a 4500
003 - CONTROL NUMBER IDENTIFIER
control field OSt
005 - DATE AND TIME OF LATEST TRANSACTION
control field 20260123150948.0
008 - FIXED-LENGTH DATA ELEMENTS--GENERAL INFORMATION
fixed length control field 260123b |||||||| |||| 00| 0 eng d
040 ## - CATALOGING SOURCE
Transcribing agency MRSPTU
041 ## - LANGUAGE CODE
Language code of text/sound track or separate title English
100 ## - MAIN ENTRY--PERSONAL NAME
Personal name Noble Khatra, Supervisor: Dr. Shaveta Rani
245 ## - TITLE STATEMENT
Title Hybrid Approach to Detect Software Clone
260 ## - PUBLICATION, DISTRIBUTION, ETC.
Name of publisher, distributor, etc. Department of CSE, MRSPTU, Bathinda
Date of publication, distribution, etc. 2014
650 ## - SUBJECT ADDED ENTRY--TOPICAL TERM
Topical term or geographic name entry element Computer Science
942 ## - ADDED ENTRY ELEMENTS (KOHA)
Source of classification or shelving scheme Dewey Decimal Classification
Koha item type Theses & Dissertations
Suppress in OPAC No
Holdings
Withdrawn status Lost status Source of classification or shelving scheme Damaged status Not for loan Home library Current library Date acquired Total checkouts Full call number Barcode Date last seen Price effective from Koha item type
    Dewey Decimal Classification     MRSPTU Central Library MRSPTU Central Library 01/23/2026   005 KH-H TH94 01/23/2026 01/23/2026 Theses & Dissertations

Website Designed and Developed by MRSPTU Central Library Team

E-mail Id: librarian@mrsptu.ac.in